[Event "BL 1819 SG Turm Kiel - SG Solingen"]
[Site "?"]
[Date "2018.11.10"]
[Round "1.6"]
[White "Bromann, Thorbjorn"]
[Black "Nikolic, Predrag"]
[Result "0-1"]
[WhiteElo "2396"]
[BlackElo "2576"]
[PlyCount "72"]
[EventDate "2018.??.??"]

1. d4 e6 2. e4 d5 3. Nc3 Bb4 4. exd5 exd5 5. Bd3 Ne7 6. Qf3 Nbc6 7. Nge2 Be6 8.
Qg3 O-O 9. Bf4 Ba5 10. Bh6 Ng6 11. Bg5 f6 12. Bd2 Qd7 13. Nd1 Bxd2+ 14. Kxd2
Nge7 15. c3 Na5 16. Ne3 Nc4+ 17. Kc2 Nf5 18. Nxf5 Bxf5 19. Nf4 Rae8 20. b3 Nd6
21. Rae1 c6 22. f3 g5 23. Ne2 Bxd3+ 24. Kxd3 Re3+ 25. Kc2 Ne4 26. Qg4 Qxg4 27.
fxg4 f5 28. Nc1 Rxc3+ 29. Kb2 fxg4 30. Rhf1 Rxf1 31. Rxf1 Re3 32. Kc2 Kg7 33.
Kd1 h5 34. Rf5 h4 35. b4 g3 36. h3 g4 0-1

[Event "BL 1819 SG Turm Kiel - SG Solingen"]
[Site "?"]
[Date "2018.11.10"]
[Round "1.7"]
[White "Naumann, Alexander"]
[Black "Olsen, Filip Boe"]
[Result "1-0"]
[WhiteElo "2532"]
[BlackElo "2335"]
[PlyCount "65"]
[EventDate "2018.??.??"]

1. e4 c6 2. d4 d5 3. e5 Bf5 4. h4 h5 5. Bd3 Bxd3 6. Qxd3 Qa5+ 7. Nd2 e6 8. Ngf3
Qa6 9. c4 Nd7 10. O-O Ne7 11. b3 Nf5 12. a4 Be7 13. g3 O-O 14. Bb2 Rfd8 15. Qc2
b6 16. a5 b5 17. c5 Qc8 18. Rfe1 Kf8 19. Nf1 Ke8 20. Ne3 Nf8 21. Nxf5 exf5 22.
e6 fxe6 23. Bc1 a6 24. Bg5 Ra7 25. Bxe7 Rxe7 26. Ne5 Qc7 27. Qd2 g6 28. Re2 Rg7
29. Rae1 Rc8 30. Nf3 Kd7 31. Qh6 Rh7 32. Rxe6 Rd8 33. Re7+ 1-0

[Event "BL 1819 SG Turm Kiel - SG Solingen"]
[Site "?"]
[Date "2018.11.10"]
[Round "1.8"]
[White "Michna, Marta"]
[Black "Chanda, Sandipan"]
[Result "0-1"]
[WhiteElo "2327"]
[BlackElo "2545"]
[PlyCount "69"]
[EventDate "2018.??.??"]

1. d4 f5 2. g3 Nf6 3. Bg2 g6 4. Nd2 Bg7 5. Nh3 d6 6. Nf3 h6 7. Nf4 g5 8. Nd3 c5
9. dxc5 e5 10. Ndxe5 dxe5 11. Qxd8+ Kxd8 12. Nxe5 Ke8 13. h4 Ne4 14. Nc4 Na6
15. hxg5 hxg5 16. Rxh8+ Bxh8 17. Bxe4 fxe4 18. Be3 Be6 19. Nd6+ Kd7 20. O-O-O
Kc6 21. a3 Nxc5 22. Bxc5 Kxc5 23. Nxe4+ Kb5 24. a4+ Ka5 25. Rd6 Bg8 26. Rh6 Bc4
27. e3 g4 28. Nd6 Be2 29. Nxb7+ Kxa4 30. Nc5+ Kb4 31. Ne6 Bf3 32. c3+ Kc4 33.
Rh7 Be5 34. Ng5 Kd3 35. Rd7+ 0-1

[Event "BL 1819 Hamburger SK - Düsseldorfer SK"]
[Site "?"]
[Date "2018.11.10"]
[Round "1.1"]
[White "Demchenko, Anton"]
[Black "Svane, Rasmus"]
[Result "1-0"]
[WhiteElo "2679"]
[BlackElo "2600"]
[PlyCount "87"]
[EventDate "2018.??.??"]

1. e4 e6 2. d4 d5 3. Nd2 c5 4. exd5 Qxd5 5. dxc5 Nf6 6. Ngf3 Qxc5 7. Bd3 Nbd7
8. O-O Qc7 9. a4 Nc5 10. Bc4 Be7 11. Qe2 O-O 12. a5 Bd6 13. Re1 Re8 14. b3 Ncd7
15. Bb2 Bb4 16. Red1 Bxa5 17. Ne4 Bb4 18. Bb5 Rd8 19. Nfg5 h6 20. Nxe6 fxe6 21.
Nxf6+ Nxf6 22. Bxf6 Rf8 23. Be5 Qe7 24. Rd3 Bc5 25. Rf1 Rf5 26. Rg3 Rg5 27.
Rxg5 Qxg5 28. Kh1 Qf5 29. f4 Qf7 30. Qe4 Qf5 31. Qf3 Be7 32. Qg3 Bf8 33. Bd3
Qh5 34. Bg6 Qe2 35. Re1 Qd2 36. Bd3 Qa5 37. Rf1 Bd7 38. Qg6 Rd8 39. Qh7+ Kf7
40. Bg6+ Ke7 41. Bxg7 Bxg7 42. Qxg7+ Kd6 43. Rd1+ Kc7 44. Be8 1-0

[Event "BL 1819 Hamburger SK - Düsseldorfer SK"]
[Site "?"]
[Date "2018.11.10"]
[Round "1.2"]
[White "Kempinski, Robert"]
[Black "Alekseev, Evgeny"]
[Result "1/2-1/2"]
[WhiteElo "2574"]
[BlackElo "2620"]
[PlyCount "43"]
[EventDate "2018.??.??"]

1. d4 e6 2. Nf3 c5 3. dxc5 Bxc5 4. e3 Nf6 5. a3 b6 6. c4 Bb7 7. Be2 O-O 8. O-O
Be7 9. Nc3 d6 10. b3 Nbd7 11. Bb2 a6 12. Nd4 Qc7 13. Bf3 Rfc8 14. Rb1 Rab8 15.
Qe2 Bxf3 16. Qxf3 Qb7 17. Qxb7 Rxb7 18. f3 Ne5 19. Rfd1 Nc6 20. Nxc6 Rxc6 21.
Ne2 Nd7 22. Nd4 1/2-1/2

[Event "BL 1819 Hamburger SK - Düsseldorfer SK"]
[Site "?"]
[Date "2018.11.10"]
[Round "1.3"]
[White "Berelowitsch, Alexander"]
[Black "Lampert, Jonas"]
[Result "1/2-1/2"]
[WhiteElo "2520"]
[BlackElo "2547"]
[PlyCount "41"]
[EventDate "2018.??.??"]

1. e4 e5 2. Nf3 Nc6 3. Bb5 a6 4. Ba4 d6 5. c3 f5 6. exf5 Bxf5 7. O-O Bd3 8. Re1
Be7 9. Bc2 Bxc2 10. Qxc2 Nf6 11. d4 e4 12. Nfd2 d5 13. f3 exf3 14. Nxf3 O-O 15.
Bg5 Qd7 16. Nbd2 Rae8 17. Bxf6 Bxf6 18. Nf1 Ne7 19. Ng3 Ng6 20. Rxe8 Rxe8 21.
Re1 1/2-1/2

[Event "BL 1819 Hamburger SK - Düsseldorfer SK"]
[Site "?"]
[Date "2018.11.10"]
[Round "1.4"]
[White "Ernst, Sipke"]
[Black "Orlov, Andrey"]
[Result "0-1"]
[WhiteElo "2535"]
[BlackElo "2497"]
[PlyCount "120"]
[EventDate "2018.??.??"]

1. Nf3 d6 2. g3 g6 3. Bg2 Bg7 4. O-O Nf6 5. d4 O-O 6. Re1 Nbd7 7. e4 e5 8. Nc3
a6 9. h3 b6 10. Bg5 h6 11. Be3 Bb7 12. Qd2 Kh7 13. Rad1 Re8 14. dxe5 dxe5 15.
g4 Qc8 16. g5 hxg5 17. Nxg5+ Kg8 18. Nd5 Nf8 19. Qb4 Nxd5 20. exd5 f6 21. Ne4
f5 22. Ng5 e4 23. Qb3 Qd7 24. d6+ Kh8 25. dxc7 Qxc7 26. Bxb6 Qe7 27. Qg3 Nh7
28. Nxh7 Kxh7 29. Rd6 g5 30. Rdd1 Be5 31. Qb3 Rab8 32. Qa4 Kg6 33. Bd4 Bf4 34.
Be3 Rbd8 35. Qb3 Rc8 36. Rd2 Bb8 37. Red1 Bc6 38. Bb6 Qe5 39. a4 Qh2+ 40. Kf1
e3 41. Bxc6 Rxc6 42. Bxe3 Qxh3+ 43. Ke1 f4 44. Rd7 Rce6 45. Qd3+ Kf6 46. Kd2
fxe3+ 47. Kc1 R6e7 48. Rd5 Qe6 49. Qe2 exf2 50. Qxf2+ Bf4+ 51. Kb1 Kg7 52. Qd4+
Qf6 53. Qc4 Re1 54. b4 Rxd1+ 55. Rxd1 Re7 56. b5 axb5 57. axb5 Ra7 58. c3 Rc7
59. Qxc7+ Bxc7 60. Rd7+ Qf7 0-1

[Event "BL 1819 Hamburger SK - Düsseldorfer SK"]
[Site "?"]
[Date "2018.11.10"]
[Round "1.5"]
[White "Miedema, David"]
[Black "Heinemann, Thies"]
[Result "0-1"]
[WhiteElo "2381"]
[BlackElo "2521"]
[PlyCount "56"]
[EventDate "2018.??.??"]

1. d4 Nf6 2. c4 e6 3. Nf3 b6 4. g3 Ba6 5. Qb3 Nc6 6. Nbd2 Na5 7. Qc3 c5 8. dxc5
bxc5 9. e4 Bb7 10. e5 Ne4 11. Nxe4 Bxe4 12. Bg2 Nc6 13. O-O Rc8 14. Re1 Bxf3
15. Bxf3 Nd4 16. Bg2 d6 17. exd6 Bxd6 18. b4 Be7 19. Bb2 O-O 20. Rad1 Ne2+ 21.
Rxe2 Qxd1+ 22. Re1 Qg4 23. Re4 cxb4 24. Qd4 Qg6 25. Rg4 Bf6 26. Qd1 Rfd8 27.
Bd5 Bxb2 28. Rxg6 hxg6 0-1

[Event "BL 1819 Hamburger SK - Düsseldorfer SK"]
[Site "?"]
[Date "2018.11.10"]
[Round "1.6"]
[White "Rogozenco, Dorian"]
[Black "Schuh, Dirk"]
[Result "1-0"]
[WhiteElo "2495"]
[BlackElo "2395"]
[PlyCount "131"]
[EventDate "2018.??.??"]

1. d4 d5 2. c4 e6 3. Nc3 Bb4 4. a3 Bxc3+ 5. bxc3 c6 6. e3 Nf6 7. Nf3 O-O 8. a4
b6 9. a5 Ba6 10. Nd2 Nbd7 11. Be2 c5 12. O-O e5 13. cxd5 Bxe2 14. Qxe2 exd4 15.
cxd4 cxd4 16. e4 Re8 17. Bb2 Nc5 18. axb6 axb6 19. f3 Rxa1 20. Rxa1 Nxd5 21.
Qc4 Nf4 22. g3 Qg5 23. Nf1 d3 24. Ra7 Nfe6 25. h4 Qh5 26. Kg2 Rd8 27. Bc3 h6
28. Nd2 Qg6 29. Kf2 Nf8 30. Bd4 Nfe6 31. Bc3 Nf8 32. Bd4 Nfd7 33. Qd5 Qe6 34.
Qxe6 Nxe6 35. Bc3 Rc8 36. Bxg7 Kxg7 37. Rxd7 Rc3 38. Ke3 Nc5 39. Rd6 Rc1 40.
Rxb6 Rg1 41. Rb5 Re1+ 42. Kf4 Ne6+ 43. Kg4 Re2 44. Nc4 Nd4 45. Rd5 h5+ 46. Kf4
Ne6+ 47. Ke5 Rc2 48. Ne3 Rc3 49. f4 Nc7 50. Nf5+ Kg6 51. Rd6+ Kh7 52. Rd7 Kg6
53. Kd4 Ra3 54. Ke3 Ne6 55. Rxd3 Ra4 56. Nd4 Nc5 57. Rc3 Nd7 58. Rc6+ Kh7 59.
e5 Ra3+ 60. Ke4 Rxg3 61. Rc7 Nf8 62. Rxf7+ Kg8 63. Rf5 Ng6 64. Rxh5 Rg4 65. Rg5
Rxf4+ 66. Ke3 1-0

[Event "BL 1819 Hamburger SK - Düsseldorfer SK"]
[Site "?"]
[Date "2018.11.10"]
[Round "1.7"]
[White "Coenen, Michael"]
[Black "Engel, Luis"]
[Result "0-1"]
[WhiteElo "2364"]
[BlackElo "2459"]
[PlyCount "114"]
[EventDate "2018.??.??"]

1. e4 c5 2. Nf3 d6 3. Nc3 Nf6 4. e5 dxe5 5. Nxe5 a6 6. g3 Qd6 7. Nc4 Qc6 8. f3
Be6 9. Ne3 Qc7 10. Bg2 Nc6 11. f4 g6 12. O-O h5 13. d3 h4 14. g4 h3 15. Bf3 Nd4
16. g5 Nd7 17. Be4 Bg7 18. Ne2 O-O-O 19. Ng3 f6 20. c3 Nc6 21. f5 gxf5 22.
Nexf5 Bf8 23. g6 Rg8 24. Nh6 Bxh6 25. Bxh6 Nde5 26. g7 Qb6 27. Qe2 Ng4 28. Bh7
c4+ 29. d4 Nxd4 30. cxd4 Nxh6 31. Bxg8 Rxg8 32. Rae1 Kd7 33. Rf2 Rxg7 34. d5
Bxd5 35. Qd2 Qd6 36. Rd1 Rg5 37. Qf4 Nf7 38. Qh4 Ne5 39. Qf4 Nd3 40. Qxd6+ Kxd6
41. Rfd2 f5 42. Kf1 f4 43. Ne2 e5 44. b3 b5 45. Rxd3 cxd3 46. Rxd3 Ke6 47. Ng1
Bg2+ 48. Kf2 e4 49. Rd8 e3+ 50. Ke2 Rd5 51. Rh8 Rd2+ 52. Ke1 f3 53. Nxf3 Bxf3
54. Re8+ Kf5 55. Rxe3 Rd1+ 56. Kf2 Bg4 57. Kg3 Kg5 0-1

[Event "BL 1819 Hamburger SK - Düsseldorfer SK"]
[Site "?"]
[Date "2018.11.10"]
[Round "1.8"]
[White "Carlstedt, Jonathan"]
[Black "Harff, Marcel"]
[Result "1/2-1/2"]
[WhiteElo "2418"]
[BlackElo "2411"]
[PlyCount "120"]
[EventDate "2018.??.??"]

1. e4 e6 2. Nf3 d5 3. Nc3 d4 4. Ne2 c5 5. c3 dxc3 6. dxc3 Qxd1+ 7. Kxd1 Nf6 8.
Nd2 Ng4 9. Ke1 Nc6 10. Nf4 Bd7 11. Be2 Nge5 12. Nh5 f6 13. f4 Nf7 14. Nb3 b6
15. Be3 Nd6 16. Nd2 Kf7 17. Rd1 Rd8 18. Rf1 Be7 19. g4 g6 20. e5 gxh5 21. exd6
Bxd6 22. Ne4 Be7 23. g5 f5 24. Bxh5+ Kg7 25. Nd6 Bxd6 26. Rxd6 Be8 27. Rxd8
Nxd8 28. Be2 h6 29. h4 hxg5 30. hxg5 Rh2 31. Rf2 Rh1+ 32. Kd2 Bc6 33. b4 Ra1
34. bxc5 Rxa2+ 35. Kc1 bxc5 36. Bxc5 e5 37. Be7 Ne6 38. Bf6+ Kg6 39. Rh2 Rxe2
40. Rxe2 Nxf4 41. Rh2 e4 42. Rh6+ Kf7 43. Kd2 Bb5 44. Bd4 Ng6 45. Rh7+ Ke6 46.
c4 Bxc4 47. Rg7 Nh4 48. Bf2 Nf3+ 49. Kc3 Bb5 50. Be3 Ne5 51. Bd4 Nc6 52. Rg6+
Kd5 53. Be3 Ke5 54. Bc5 Kd5 55. Be3 Ne7 56. Rg7 Ke6 57. Bc5 Nd5+ 58. Kd4 e3 59.
Rg6+ Kf7 60. Kxd5 Kxg6 1/2-1/2

[Event "BL 1819 SV Mülheim Nord 1931 - OSG Bad"]
[Site "?"]
[Date "2018.11.10"]
[Round "1.4"]
[White "Saltaev, Mihail"]
[Black "Vallejo Pons, Francisco"]
[Result "0-1"]
[WhiteElo "2471"]
[BlackElo "2694"]
[PlyCount "56"]
[EventDate "2018.??.??"]

1. e4 e5 2. Nf3 Nc6 3. Bb5 a6 4. Ba4 d6 5. Bxc6+ bxc6 6. d4 exd4 7. Nxd4 c5 8.
Nf3 g6 9. Bd2 Bg7 10. Bc3 f6 11. Nbd2 Nh6 12. Nc4 Nf7 13. Qd5 Rb8 14. Na5 Qd7
15. O-O O-O 16. Rad1 Qb5 17. b3 Bg4 18. a4 Qd7 19. Qd3 f5 20. Bxg7 fxe4 21. Qc3
Bxf3 22. gxf3 Ng5 23. Bh6 Nxf3+ 24. Kh1 Rf7 25. Qc4 Qh3 26. Bf4 Nh4 27. Qxe4
Rxf4 28. Qd5+ Kh8 0-1

[Event "BL 1819 SV Mülheim Nord 1931 - OSG Bad"]
[Site "?"]
[Date "2018.11.10"]
[Round "1.6"]
[White "Warmerdam, Max"]
[Black "Bacrot, Etienne"]
[Result "0-1"]
[WhiteElo "2422"]
[BlackElo "2677"]
[PlyCount "82"]
[EventDate "2018.??.??"]

1. e4 e5 2. Nf3 Nc6 3. Bb5 Nf6 4. O-O Nxe4 5. Re1 Nd6 6. Nxe5 Be7 7. Bf1 Nxe5
8. Rxe5 O-O 9. Nc3 Bf6 10. Re1 b6 11. Nd5 Bb7 12. Nxf6+ Qxf6 13. d4 Rae8 14.
Be3 Nf5 15. Qd2 h6 16. c3 Nh4 17. d5 Re5 18. c4 Qg6 19. Kh1 c6 20. Bf4 Rxe1 21.
Rxe1 cxd5 22. cxd5 Ba6 23. Bg3 Bxf1 24. Rxf1 Nf5 25. Qe2 Rc8 26. Qa6 Nxg3+ 27.
hxg3 Rc7 28. Kg1 d6 29. Qa3 Qf6 30. Re1 Rc2 31. Re8+ Kh7 32. Qd3+ Qg6 33. Qxg6+
Kxg6 34. Re7 a5 35. b4 Kf6 36. Rb7 Ke5 37. Rxb6 Rxa2 38. Ra6 a4 39. Ra5 a3 40.
Kf1 Kd4 41. g4 Kc4 0-1

[Event "BL 1819 SV Mülheim Nord 1931 - OSG Bad"]
[Site "?"]
[Date "2018.11.10"]
[Round "1.7"]
[White "Hou, Yifan"]
[Black "Zwirs, Nico"]
[Result "1-0"]
[WhiteElo "2658"]
[BlackElo "2413"]
[PlyCount "77"]
[EventDate "2018.??.??"]

1. e4 c5 2. Nf3 d6 3. Bb5+ Nc6 4. Bxc6+ bxc6 5. e5 dxe5 6. Nxe5 Qd5 7. Nf3 Qe4+
8. Kf1 Nf6 9. d3 Qf5 10. Nbd2 g6 11. b3 Bg7 12. Bb2 O-O 13. Qe2 Re8 14. Qe5 Qd7
15. Qxc5 Ne4 16. Nxe4 Bxb2 17. Rb1 Bg7 18. Ne5 Qc7 19. Qxc6 Qxc6 20. Nxc6 a5
21. b4 axb4 22. Nxb4 Be6 23. c4 Reb8 24. Ke2 Ra4 25. Nc2 Rc8 26. Nb4 Bxc4 27.
Rhc1 f5 28. Rxc4 Rxc4 29. dxc4 fxe4 30. c5 Kf7 31. c6 Be5 32. Rb3 Ke6 33. Ke3
Bd6 34. a3 Bc7 35. Kxe4 Ra5 36. Nc2 Rc5 37. Nd4+ Kd6 38. Rb5 Rc1 39. Rd5# 1-0

[Event "BL 1819 SV Mülheim Nord 1931 - OSG Bad"]
[Site "?"]
[Date "2018.11.10"]
[Round "1.8"]
[White "Buckels, Valentin"]
[Black "Movsesian, Sergei"]
[Result "1-0"]
[WhiteElo "2427"]
[BlackElo "2633"]
[PlyCount "111"]
[EventDate "2018.??.??"]

1. d4 Nf6 2. c4 c6 3. Nf3 d5 4. e3 a6 5. b3 Bf5 6. Bd3 Bxd3 7. Qxd3 e6 8. O-O
Nbd7 9. Nbd2 Be7 10. e4 O-O 11. Re1 Rc8 12. e5 Ne8 13. Nf1 Nc7 14. c5 a5 15.
Bd2 Ra8 16. Ng3 a4 17. b4 b6 18. Nh5 Re8 19. g3 Nb5 20. h4 bxc5 21. dxc5 Nf8
22. Nf4 Ng6 23. Ne2 f6 24. Bf4 f5 25. h5 Nxf4 26. Nxf4 Qd7 27. Kg2 a3 28. Ne2
Ra4 29. Rab1 Rb8 30. Rb3 Qe8 31. Nf4 Qd7 32. Reb1 Raa8 33. Ne2 Qe8 34. Nfd4 Nc7
35. Qf3 Rb7 36. Nc2 Bg5 37. Ned4 h6 38. Rxa3 Rxa3 39. Qxa3 Qxh5 40. Nxc6 Qe2
41. N6d4 Qd2 42. c6 Rb6 43. b5 Rxb5 44. Rxb5 Nxb5 45. Nxb5 Qxc2 46. c7 Kh7 47.
Qc3 Qe4+ 48. Kg1 Qb1+ 49. Kh2 Qxa2 50. Kg2 Bd2 51. Qc5 d4 52. c8=Q Be3 53. Qc2
Qd5+ 54. f3 d3 55. Qd1 d2 56. Qc3 1-0

[Event "BL 1819 SV Werder Bremen - SF Deizisau"]
[Site "?"]
[Date "2018.11.10"]
[Round "1.1"]
[White "Leko, Peter"]
[Black "McShane, Luke J"]
[Result "0-1"]
[WhiteElo "2679"]
[BlackElo "2667"]
[PlyCount "80"]
[EventDate "2018.??.??"]

1. e4 c5 2. Nf3 e6 3. d4 cxd4 4. Nxd4 Nc6 5. Nc3 Qc7 6. Be3 a6 7. Qf3 Ne5 8.
Qg3 b5 9. O-O-O Nf6 10. f4 Neg4 11. Bd2 b4 12. Na4 Qa7 13. h3 Nxe4 14. Qxg4
Qxd4 15. Qf3 Qd5 16. Bxb4 Qxa2 17. Qxe4 d5 18. Qd4 Qa1+ 19. Kd2 Qxa4 20. Bc3
Qc6 21. Bd3 f6 22. Bb4 Bd6 23. Bxd6 Qxd6 24. b4 O-O 25. Rhe1 Bd7 26. Ra1 Bb5
27. Ra5 Rac8 28. g3 e5 29. fxe5 fxe5 30. Rxe5 Qh6+ 31. Kd1 Qxh3 32. Kc1 Qxg3
33. Bxb5 axb5 34. Rxd5 Qe1+ 35. Qd1 Qxb4 36. Rdxb5 Rxc2+ 37. Kxc2 Rc8+ 38. Kd3
Rd8+ 39. Ke3 Qc3+ 40. Ke2 Qc4+ 0-1

[Event "BL 1819 SV Werder Bremen - SF Deizisau"]
[Site "?"]
[Date "2018.11.10"]
[Round "1.2"]
[White "Areshchenko, Alexander"]
[Black "Bluebaum, Matthias"]
[Result "1/2-1/2"]
[WhiteElo "2652"]
[BlackElo "2620"]
[PlyCount "53"]
[EventDate "2018.??.??"]

1. e4 e6 2. d4 d5 3. Nc3 Nf6 4. e5 Nfd7 5. f4 c5 6. Nf3 Nc6 7. Be3 Be7 8. a3 b6
9. Bd3 f5 10. O-O O-O 11. Kh1 cxd4 12. Nxd4 Nxd4 13. Bxd4 Nc5 14. Be2 Bb7 15.
b4 Ne4 16. Nxe4 dxe4 17. c3 Bd5 18. c4 Bc6 19. Be3 Qxd1 20. Rfxd1 Ba4 21. Rd2
Rfc8 22. g4 Kf8 23. Rc1 a5 24. Rb1 Rcb8 25. Kg2 axb4 26. axb4 Be8 27. Rb3
1/2-1/2

[Event "BL 1819 SV Werder Bremen - SF Deizisau"]
[Site "?"]
[Date "2018.11.10"]
[Round "1.3"]
[White "Meier, Georg"]
[Black "Hracek, Zbynek"]
[Result "1/2-1/2"]
[WhiteElo "2622"]
[BlackElo "2569"]
[PlyCount "109"]
[EventDate "2018.??.??"]

1. Nf3 c5 2. g3 Nc6 3. Bg2 g6 4. c3 e5 5. d4 cxd4 6. cxd4 e4 7. Ne5 d5 8. Nxc6
bxc6 9. Qc2 Bd7 10. Nd2 h5 11. Nb3 h4 12. Bf4 Bb4+ 13. Bd2 Bd6 14. Nc5 Nf6 15.
Rc1 h3 16. Bf1 O-O 17. Nb7 Qc7 18. Nxd6 Qxd6 19. Qc5 Qe6 20. Bf4 Qf5 21. Qd6
Nh5 22. Rg1 Nxf4 23. gxf4 Rab8 24. b3 Rb6 25. Rg5 Qe6 26. Qxe6 Bxe6 27. Rg3 a5
28. Bxh3 Bxh3 29. Rxh3 a4 30. bxa4 Ra8 31. Ra3 Rba6 32. a5 Rxa5 33. Rxa5 Rxa5
34. Rxc6 Rxa2 35. Kf1 Ra8 36. f5 gxf5 37. Rf6 Kg7 38. Rxf5 Rd8 39. Rg5+ Kf6 40.
h4 Rh8 41. Rxd5 Rxh4 42. Kg2 Kg6 43. Kg3 Rh1 44. Kf4 Rh4+ 45. Ke5 f6+ 46. Ke6
e3 47. f3 Rh2 48. Rf5 Rxe2 49. Rxf6+ Kg5 50. Ke5 Ra2 51. Rf8 e2 52. Rg8+ Kh4
53. Kf4 Kh3 54. Rg1 Rd2 55. Re1 1/2-1/2

[Event "BL 1819 SV Werder Bremen - SF Deizisau"]
[Site "?"]
[Date "2018.11.10"]
[Round "1.4"]
[White "Spoelman, Wouter"]
[Black "Keymer, Vincent"]
[Result "1-0"]
[WhiteElo "2573"]
[BlackElo "2502"]
[PlyCount "85"]
[EventDate "2018.??.??"]

1. c4 e6 2. Nf3 d5 3. e3 Nf6 4. b3 Bd6 5. Bb2 O-O 6. Nc3 b6 7. d4 Bb7 8. Bd3
Nbd7 9. cxd5 exd5 10. Qc2 a6 11. O-O Qe7 12. Rac1 Ne4 13. Ne2 Rac8 14. Nf4 g5
15. Nh5 f5 16. Qe2 Rce8 17. Bxa6 Bxa6 18. Qxa6 f4 19. Ne5 Nxe5 20. dxe5 Bxe5
21. Bxe5 Qxe5 22. Qe2 Nc5 23. Rfd1 Rf5 24. b4 Ne4 25. Qd3 fxe3 26. fxe3 Nf2 27.
Qxd5+ Qxd5 28. Rxd5 Rxd5 29. Nf6+ Kf8 30. Nxd5 Ne4 31. Nxc7 Re5 32. a4 Nd2 33.
Kf2 Ne4+ 34. Ke2 Nd6 35. Kd3 Ke7 36. b5 g4 37. Na8 Rh5 38. Nxb6 Rxh2 39. Nd5+
Kd8 40. Nf4 Nb7 41. Ke4 Rh6 42. Ke5 Kd7 43. Kf5 1-0

[Event "BL 1819 SV Werder Bremen - SF Deizisau"]
[Site "?"]
[Date "2018.11.10"]
[Round "1.5"]
[White "Donchenko, Alexander"]
[Black "Babula, Vlastimil"]
[Result "1/2-1/2"]
[WhiteElo "2607"]
[BlackElo "2538"]
[PlyCount "120"]
[EventDate "2018.??.??"]

1. Nf3 c5 2. c4 Nc6 3. g3 g6 4. Bg2 Bg7 5. Nc3 d6 6. O-O e6 7. e3 Nge7 8. d4
O-O 9. Rb1 Rb8 10. b3 b6 11. Bb2 cxd4 12. exd4 d5 13. cxd5 exd5 14. Ba3 Re8 15.
Re1 Bg4 16. h3 Bxf3 17. Qxf3 Nxd4 18. Qd3 Rc8 19. Bxe7 Rxe7 20. Nxd5 Rd7 21.
Qa6 Rc5 22. Nb4 h5 23. Rbc1 h4 24. Rxc5 bxc5 25. Nc6 Nxc6 26. Bxc6 Rd6 27. Qb7
Qf6 28. Bg2 Rd2 29. Qf3 Qxf3 30. Bxf3 Bd4 31. Re2 Rxe2 32. Bxe2 hxg3 33. Kg2
gxf2 34. Bc4 Kg7 35. Bd5 Be3 36. Bc4 Bd4 37. Bd5 Kf6 38. Bc4 Be3 39. Kf3 Bd4
40. Kg2 Ke7 41. Kf1 g5 42. Kg2 f6 43. Ba6 Kd6 44. Bc8 Kc7 45. Be6 Kb6 46. Kf1
Ka5 47. a4 Kb4 48. Kg2 Kc3 49. Kf1 Kd2 50. Bf5 Ke3 51. Be6 Ke4 52. Bd7 f5 53.
Be6 f4 54. Bc4 Ke3 55. Be6 Kd2 56. Bc4 f3 57. Bd5 Kc2 58. Bc4 Kc3 59. Bd5 a6
60. Bc4 a5 1/2-1/2

[Event "BL 1819 SV Werder Bremen - SF Deizisau"]
[Site "?"]
[Date "2018.11.10"]
[Round "1.6"]
[White "Werle, Jan"]
[Black "Heimann, Andreas"]
[Result "1/2-1/2"]
[WhiteElo "2528"]
[BlackElo "2601"]
[PlyCount "124"]
[EventDate "2018.??.??"]

1. d4 Nf6 2. c4 g6 3. Nc3 d5 4. cxd5 Nxd5 5. e4 Nxc3 6. bxc3 Bg7 7. Nf3 c5 8.
Be3 Bg4 9. Rc1 O-O 10. d5 Nd7 11. Be2 Qa5 12. Qd2 c4 13. Bd4 Bxd4 14. cxd4
Qxd2+ 15. Kxd2 b5 16. Rb1 a6 17. h3 Bxf3 18. gxf3 Nb6 19. h4 Rad8 20. h5 e6 21.
dxe6 Rxd4+ 22. Ke3 Rd6 23. exf7+ Rxf7 24. f4 c3 25. Rhc1 Rc7 26. Rc2 Kf7 27.
Rb3 Rdc6 28. Rb4 Ke7 29. hxg6 hxg6 30. a3 Rc8 31. Rd4 Rh8 32. Rd1 Rh3+ 33. f3
Rh2 34. Rdc1 Na4 35. Bd3 Rh8 36. e5 Rb6 37. Rg2 a5 38. f5 gxf5 39. Bxf5 Rf8 40.
Bc2 Nb2 41. Bb3 Rc6 42. Rg7+ Ke8 43. Rb7 Nc4+ 44. Bxc4 Rxc4 45. Rxb5 c2 46.
Rb8+ Ke7 47. Rxf8 Kxf8 48. Kd2 Rf4 49. Rf1 Ke7 50. Kxc2 Ke6 51. Kc3 Kxe5 52.
Re1+ Kf5 53. Re3 Ra4 54. Kb2 Rd4 55. Re8 Rd3 56. Rf8+ Ke6 57. f4 Rf3 58. a4 Ke7
59. Rf5 Ke6 60. Re5+ Kd6 61. Rf5 Ke6 62. Rxa5 Rxf4 1/2-1/2

[Event "BL 1819 SV Werder Bremen - SF Deizisau"]
[Site "?"]
[Date "2018.11.10"]
[Round "1.7"]
[White "Kollars, Dmitrij"]
[Black "Markgraf, Alexander"]
[Result "1/2-1/2"]
[WhiteElo "2542"]
[BlackElo "2489"]
[PlyCount "65"]
[EventDate "2018.??.??"]

1. e4 c5 2. Nf3 d6 3. d4 cxd4 4. Nxd4 Nf6 5. Nc3 Nc6 6. Bg5 e6 7. Qd2 a6 8.
O-O-O h6 9. Bf4 Bd7 10. Nxc6 Bxc6 11. Qe1 Qb8 12. Nd5 Nd7 13. Bg3 b5 14. f4 Bb7
15. Ne3 Bxe4 16. f5 e5 17. Bd3 Bc6 18. Bh4 Qb7 19. Qg3 Nf6 20. Kb1 Nh5 21. Qg4
Nf4 22. Rhe1 f6 23. Bf1 O-O-O 24. Rd2 Nd5 25. Nxd5 Bxd5 26. c4 Bc6 27. cxb5
axb5 28. Qb4 d5 29. Qa5 Qc7 30. Qa6+ Qb7 31. Qa5 Qc7 32. Qa6+ Qb7 33. Qa5
1/2-1/2

[Event "BL 1819 SV Werder Bremen - SF Deizisau"]
[Site "?"]
[Date "2018.11.10"]
[Round "1.8"]
[White "Wachinger, Nikolas"]
[Black "Dautov, Rustem"]
[Result "1/2-1/2"]
[WhiteElo "2338"]
[BlackElo "2598"]
[PlyCount "122"]
[EventDate "2018.??.??"]

1. e4 c6 2. d4 d5 3. exd5 cxd5 4. Bd3 Nc6 5. c3 Nf6 6. Bf4 Bg4 7. Qb3 Qc8 8.
Nd2 e6 9. Ngf3 Be7 10. O-O Bh5 11. Rfe1 O-O 12. Ng5 Bg6 13. Bxg6 hxg6 14. Ndf3
Nh7 15. h4 Re8 16. g3 Nf8 17. Kg2 a6 18. Qc2 b5 19. Re2 b4 20. c4 dxc4 21. Qxc4
Qb7 22. d5 Na5 23. Qc7 Bxg5 24. Nxg5 e5 25. Qxb7 Nxb7 26. Bd2 a5 27. Be3 Red8
28. Rd1 Ra6 29. Ne4 Nd7 30. Rc2 Nf6 31. Rc6 Nxd5 32. Rxa6 Nxe3+ 33. fxe3 Rxd1
34. Ra7 Rd7 35. Ra8+ Rd8 36. Ra7 Nd6 37. Nxd6 Rxd6 38. Rxa5 Rd2+ 39. Kf3 Rxb2
40. Rxe5 Rxa2 41. Rb5 Rb2 42. Rb8+ Kh7 43. Rb7 Rb1 44. Kg2 f5 45. Rb8 g5 46.
hxg5 Kg6 47. Rb7 b3 48. Kf3 Kh5 49. Rb5 Kxg5 50. e4 b2 51. Kg2 Ra1 52. Rxb2
fxe4 53. Rf2 Ra5 54. Rf4 Re5 55. Rh4 e3 56. Kf1 e2+ 57. Ke1 Re3 58. Ra4 Kf5 59.
Rb4 Kg5 60. Ra4 Kh5 61. Rh4+ Kg5 1/2-1/2

[Event "BL 1819 SC Viernheim - MSA Zugzwang"]
[Site "?"]
[Date "2018.11.11"]
[Round "2.1"]
[White "Mons, Leon"]
[Black "Malakhov, Vladimir"]
[Result "0-1"]
[WhiteElo "2554"]
[BlackElo "2654"]
[PlyCount "90"]
[EventDate "2018.??.??"]

1. d4 d5 2. c4 c6 3. cxd5 cxd5 4. Bf4 Nc6 5. e3 Nf6 6. Nc3 a6 7. Bd3 Bg4 8.
Nge2 e6 9. O-O Bd6 10. f3 Bh5 11. Na4 Bg6 12. Nc5 Bxc5 13. dxc5 O-O 14. Bd6 Re8
15. Nc3 b6 16. Na4 bxc5 17. Bxc5 Nd7 18. Rc1 Nxc5 19. Rxc5 Qd6 20. Bxg6 hxg6
21. Qd2 Ne7 22. Rfc1 Nf5 23. b3 Red8 24. Nb2 e5 25. e4 dxe4 26. Qxd6 Nxd6 27.
Rxe5 exf3 28. gxf3 Nf5 29. Nc4 Rd3 30. Kf2 Rad8 31. Rce1 Kh7 32. Ra5 Rc3 33.
Re2 Nd4 34. Rd2 Rxf3+ 35. Kg2 Rf6 36. Ne3 Nxb3 37. Rxd8 Nxa5 38. Nd5 Rf5 39.
Nb4 Rb5 40. Nxa6 Rb2+ 41. Kg3 Rxa2 42. Nc5 Nc6 43. Re8 Nd4 44. Ne4 Nf5+ 45. Kf4
f6 0-1

[Event "BL 1819 SC Viernheim - MSA Zugzwang"]
[Site "?"]
[Date "2018.11.11"]
[Round "2.3"]
[White "Hertneck, Gerald"]
[Black "Anton Guijarro, David"]
[Result "1/2-1/2"]
[WhiteElo "2492"]
[BlackElo "2649"]
[PlyCount "86"]
[EventDate "2018.??.??"]

1. d4 f5 2. g3 Nf6 3. Bg2 g6 4. c3 Bg7 5. Qb3 Nc6 6. Nf3 e6 7. Ne5 a5 8. Na3
O-O 9. Nac4 a4 10. Qc2 Ne7 11. O-O d6 12. Nd3 Nc6 13. Bd2 Ne4 14. b4 Qe8 15. b5
Ne7 16. Rab1 b6 17. Be1 Bd7 18. Na3 g5 19. f3 Nf6 20. e4 g4 21. e5 gxf3 22.
Bxf3 Ne4 23. Qe2 Ng6 24. c4 dxe5 25. dxe5 Rd8 26. Bb4 c5 27. bxc6 Bxc6 28. Nb5
Rxd3 29. Qxd3 Nxe5 30. Qe2 Nxf3+ 31. Rxf3 Rf6 32. Rd3 h6 33. Nd6 Nxd6 34. Bxd6
Be4 35. Rxb6 Bxd3 36. Qxd3 Kh7 37. Be5 Rf7 38. Bxg7 Rxg7 39. Qe3 Re7 40. c5 Qd7
41. Rd6 Qb5 42. a3 Qb1+ 43. Kg2 Qc2+ 1/2-1/2